00357nam a22001337a 4500003000400000005001700004008004100021040002200062082001500084100002700099245003800126260004100164300001800205OSt20220930184640.0220930b |||||||| |||| 00| 0 eng d cBiblioteca Lado V a700bH699a aHoffman, Jensecurador aA little bit of history repeated/ aBerlinaParisbEdition Valerioc2001 a42p.c17x22cm